عرض عادي عرض مارك
  • Vanstone, Scott A.

مدخل إسم شخص

عدد التسجيلات المستخدمة في: 1

001 - رقم الضبط

  • حقل الضبط: 51883

003 - معرف رقم الضبط

  • حقل الضبط: OSt

005 - تاريخ ووقت أخر عملية

  • حقل الضبط: 20151011184641.0

008 - عناصر بيانات ثابتة الطول

  • حقل تحكم ثابت الطول: 151011|| aca||aabn | a|a d

040 ## - مصدر الفهرسة

  • هيئة الفهرسة الأصلية: OSt
  • وكالة الكتابة: OSt

100 ## - مدخل -- أسم شخص

  • إسم شخص: Vanstone, Scott A.

670 ## - بيانات المصدر موجوده

  • الاستشهاد بالمصدر: Work cat.: (OSt)0: Menezes, A. J. (Alfred J.), 1965- 51879, Handbook of applied cryptography /, c1997.